Szczegóły MARC21

Deutsche Forschung in der Antarktis : wissenschaftlicher Fortschritt und Perspektiven : Denkschrift /

005 -DATA I CZAS OSTATNIEJ MODYFIKACJI [,]
    • @
    • pole kontrolne
    • 20080116123117.0
020 -Międzynarod. znormalizowany nr książki - ISBN [ , ]
    • a
    • Numer ISBN
    • 352731251X Find
040 -Instytucja sporządzająca opis [ , ]
    • d
    • Instytucja, która zmodyfikowała rekord (P)
    • SZCZ U/OG
041 -Język dokumentu [0, ]
    • a
    • Język tekstu (P)
    • niemiecki
044 -Kraj miejsca wydania [ , ]
    • a
    • Kraj miejsca wydania
    • Niemcy
942 -Rodzaj dokumentu [ , ]
    • c
    • Rodzaj dokumentu
    • Książka
245 -Strefa tytułu i oznaczenia odpowiedzialności [0,0]
    • a
    • Tytuł
    • Deutsche Forschung in der Antarktis : Find
    • b
    • Ciąg dalszy tytułu (NP)
    • wissenschaftlicher Fortschritt und Perspektiven : Denkschrift / Find
    • c
    • Pozostałe elementy strefy tytułu i oznaczenia odpowiedzialności (NP)
    • Deutsche Forschungsgemeinschaft ; Redaktionskomitee: Michael Spindler [i in.].
260 -Strefa adresu wydawniczego [ , ]
    • a
    • Miejsce wydania (P)
    • Weinheim :
    • b
    • Nazwa wydawcy (P)
    • Wiley-VCH-Verl.,
    • c
    • Data wydania (P)
    • 2005.
300 -Strefa opisu fizycznego [ , ]
    • a
    • Określenie formy książki i/lub objętość (NP)
    • XXI, 211 s. :
    • b
    • Oznaczenie ilustracji (NP)
    • fot., il. ;
    • c
    • Format (NP)
    • 24 cm.
080 -Uniwersalna Klasyfikacja Dziesiętna [ , ]
    • 2
    • Identyfikator wydania tablic
    • UDC-P058
    • a
    • Symbol klasyfikacji
    • 913(99)::911.2
    • b
    • Dopowiedzenie
    • Geografia fizyczna Antarktyki i regionów bieguna południowego.
    • x
    • Poddział wspólny
    • =112.2
    • b
    • Dopowiedzenie
    • =Język niemiecki (wysokoniemiecki, standardowy niemiecki).
080 -Uniwersalna Klasyfikacja Dziesiętna [ , ]
    • 2
    • Identyfikator wydania tablic
    • UDC-P058
    • a
    • Symbol klasyfikacji
    • 551.58
    • b
    • Dopowiedzenie
    • Klimatologia. Wpływ środowiska na klimat. Mikroklimat. Biometeorologia. Bioklimatologia.
    • x
    • Poddział wspólny
    • (99)
    • b
    • Dopowiedzenie
    • (Antarktyka. Regiony bieguna południowego. Antarktyda).
    • x
    • Poddział wspólny
    • =112.2
    • b
    • Dopowiedzenie
    • =Język niemiecki (wysokoniemiecki, standardowy niemiecki).
080 -Uniwersalna Klasyfikacja Dziesiętna [ , ]
    • 2
    • Identyfikator wydania tablic
    • UDC-P058
    • a
    • Symbol klasyfikacji
    • 551.32/.33
    • b
    • Dopowiedzenie
    • Glacjologia. Geologia lodowcowa.
    • x
    • Poddział wspólny
    • (99)
    • b
    • Dopowiedzenie
    • (Antarktyka. Regiony bieguna południowego. Antarktyda).
    • x
    • Poddział wspólny
    • =112.2
    • b
    • Dopowiedzenie
    • =Język niemiecki (wysokoniemiecki, standardowy niemiecki).
980 -Symbol UKD [ , ]
    • a
    • UKD
    • 913(99)::911.2:[551.58:551.32/.33](99)]=112.2
700 -Hasło dodatkowe - nazwa osobowa [1, ]
    • a
    • Nazwa osobowa (NP)
    • Spindler, Michael. Find
    • e
    • Określenie rodzaju współpracy
    • Red.
920 -ISBN [ , ]
    • a
    • ISBN
    • 3-527-31251-X Find
Lokalizacja Data inwentaryzacji Uwagi nie widoczne w OPAC Numer inwentarzowy Status udost.
BG2007-12-18sel.Z.1098981